000 00600nam a2200205Ia 4500
008 240729s9999 xx 000 0 und d
022 _a1447-0578
245 0 _aReproductive Medicine and Biology
260 _aJapan
260 _bWiley
650 _a Biology (General)
650 _a Diseases of the endocrine glands. Clinical endocrinology | Science
650 _a Internal medicine
650 _a Reproduction
650 _a Specialties of internal medicine
650 _aMedicine
856 _uhttps://doaj.org/toc/157484532abf4dbba8e450c11f9588e2
942 _2ddc
942 _cDOAJEJ
999 _c67462
_d67462
945 _a1
_bMadushi Gamage
_c1
_dMadushi Gamage